US Presidential elections: Two centuries of constitutiohal continuity and political change with an analysis of the political geography of Barack Obama's reelection campaign (Record no. 100660)

000 -LEADER
fixed length control field 00556pab a2200169 454500
008 - FIXED-LENGTH DATA ELEMENTS--GENERAL INFORMATION
fixed length control field 180718b2013 xxu||||| |||| 00| 0 eng d
100 ## - MAIN ENTRY--PERSONAL NAME
Personal name Dunne, Michael
245 ## - TITLE STATEMENT
Title US Presidential elections: Two centuries of constitutiohal continuity and political change with an analysis of the political geography of Barack Obama's reelection campaign
260 ## - PUBLICATION, DISTRIBUTION, ETC.
Date of publication, distribution, etc. 2013
300 ## - PHYSICAL DESCRIPTION
Extent 265-277.
362 ## - DATES OF PUBLICATION AND/OR SEQUENTIAL DESIGNATION
Dates of publication and/or sequential designation Apr-Jun
650 ## - SUBJECT ADDED ENTRY--TOPICAL TERM
Topical term or geographic name entry element United States - President - Elections
650 ## - SUBJECT ADDED ENTRY--TOPICAL TERM
Topical term or geographic name entry element Elections
773 ## - HOST ITEM ENTRY
Main entry heading Political Quarterly
908 ## - PUT COMMAND PARAMETER (RLIN)
Put command parameter N
909 ## -
-- 100661
Holdings
Withdrawn status Lost status Damaged status Not for loan Permanent Location Current Location Date acquired Serial Enumeration / chronology Barcode Date last seen Price effective from Koha item type
        Indian Institute of Public Administration Indian Institute of Public Administration 2018-07-19 Volume no: 84, Issue no: 2 AR101121 2018-07-19 2018-07-19 Articles

Powered by Koha